000 00896cam a22003017a 4500
003 CHAP
005 20220329141610.0
008 971013s1971 r 00010 d
010 _a70791
011 _a71763
035 _a81317
040 _cCHAP
090 _aFolleto 8979
110 _aCalifornia Forest Pest Control Action Council. Sacramento, Calif.
_917499
245 1 4 _aThe ternilile twosome
250 _aRev. ed.
260 _aSacramento :
_bCalifornia,
_c1971
300 _a16 p.
_b: ilus.
590 _aBATCH-UPD
_b10
_c20130110
_lUCH01
_h2012
590 _aBATCH-UPD
_b10
_c20130410
_lUCH01
_h1331
590 _aBATCH-UPD
_b10
_c20130914
_lUCH01
_h1319
590 _aCONVERSION
_b10
_c20130109
_lUCH01
_h1339
650 1 4 _aÁrboles
_xPlagas.
_982440
650 1 4 _aEscarabajos.
_937465
901 _aBK
942 _cFOLL
949 _aFolleto 8979
_bBC
_cFOLL
_d-34592
_eTS1
_i81317
_mD
_si
999 _c70791
_d70791